Southville International School and Colleges
Your cart is empty.
  • Cart
  • Lists
    Public lists Eva Luna New books Lux_list list_1
    Your lists Log in to create your own lists
  • Log in to your account
  • Your cookies
  • Search history
Southville International School and Colleges
  • Advanced search
  • Recent comments
  • Most popular
  • Libraries

Log in to your account

Log in with GOOGLE


If you do not have an external account, but do have a local account, you can still log in:

  1. Home
  2. MARC view: Parent University's the Pinoy parent :
Normal view MARC view ISBD view

Parent University's the Pinoy parent : (Record no. 291009)

[ view plain ]
MARC details
000 -LEADER
fixed length control field 00745nam a22002170 4500
003 - CONTROL NUMBER IDENTIFIER
control field PILC
005 - DATE AND TIME OF LATEST TRANSACTION
control field 20160217133217.0
008 - FIXED-LENGTH DATA ELEMENTS--GENERAL INFORMATION
fixed length control field 001207s2000 ph eng
020 ## - INTERNATIONAL STANDARD BOOK NUMBER
International Standard Book Number 9712710025 (pbk.)
050 00 - LIBRARY OF CONGRESS CALL NUMBER
Classification number HQ 755.8
Item number .M345 2000
100 1# - MAIN ENTRY--PERSONAL NAME
Personal name Manalac, Ting Pantoja.
245 10 - TITLE STATEMENT
Title Parent University's the Pinoy parent :
Remainder of title practical lessons for Filipino parents /
Statement of responsibility, etc Ting Pantoja-Manalac.
260 ## - PUBLICATION, DISTRIBUTION, ETC. (IMPRINT)
Place of publication, distribution, etc Pasig City :
Name of publisher, distributor, etc Anvil,
Date of publication, distribution, etc 2000.
300 ## - PHYSICAL DESCRIPTION
Extent xii, 189 pages :
Other physical details illustrations ;
Dimensions 23 cm.
500 ## - GENERAL NOTE
General note Includes bibliographical references and index.
650 #0 - SUBJECT ADDED ENTRY--TOPICAL TERM
Topical term or geographic name as entry element Child rearing
Geographic subdivision Philippines.
650 #0 - SUBJECT ADDED ENTRY--TOPICAL TERM
Topical term or geographic name as entry element Parent and child
Geographic subdivision Philippines.
650 #0 - SUBJECT ADDED ENTRY--TOPICAL TERM
Topical term or geographic name as entry element Parenting
Geographic subdivision Philippines.
740 4# - ADDED ENTRY--UNCONTROLLED RELATED/ANALYTICAL TITLE
Uncontrolled related/analytical title The Pinoy parent.
942 ## - ADDED ENTRY ELEMENTS (KOHA)
Source of classification or shelving scheme Library of Congress Classification
Koha item type Books
Call number prefix Filipininana
Holdings
Withdrawn status Lost status Source of classification or shelving scheme Damaged status Home library Current library Shelving location Date acquired Source of acquisition Sub Shelving location Total Checkouts Full call number Barcode Date last seen Price effective from Koha item type
    Library of Congress Classification   College Library College Library Filipiniana Section 02/17/2016 Donation     HQ 755.8 .M345 2000 C20385 05/08/2018 02/17/2016 Books

Parent University's the Pinoy parent :

APA

Manalac T. P., . (2000). Parent University's the Pinoy parent. Pasig City: Anvil.

Chicago

Manalac Ting Pantoja, . 2000. Parent University's the Pinoy parent. Pasig City: Anvil.

Harvard

Manalac T. P., . (2000). Parent University's the Pinoy parent. Pasig City: Anvil.

MLA

Manalac Ting Pantoja, . Parent University's the Pinoy parent. Pasig City: Anvil. 2000.

  • Place hold
  • Print
  • Cite
  • Add to your cart (remove)
  • Save record
    BIBTEX Dublin Core MARCXML MARC (non-Unicode/MARC-8) MARC (Unicode/UTF-8) MARC (Unicode/UTF-8, Standard) MODS (XML) RIS
  • More searches
    Search for this title in:
    Other Libraries (WorldCat) Other Databases (Google Scholar) Online Stores (Bookfinder.com) Open Library (openlibrary.org)

Exporting to Dublin Core...

SOUTHVILLE LIBRARY

Southville International School and Colleges Library

1281 Tropical Ave. Cor. Luxembourg St., BF Homes International, Las Pinas City

Tel. No. 8256374 / 252358 Loc. 117/146

Powered by Koha